Word Ladder: Error! Quiz Stats

 Plays Quiz Updated Aug 20, 2012

Challenge
Share
Tweet
Embed
Score 0/14 Timer 02:00
7 Plays Today
Clue 4-letter word % Correct
First LadderSPIT
97.9%
Second LadderSAKE
95.2%
First LadderSPIC
94.8%
First LadderSLIT
92.8%
Second LadderFAKE
92.6%
Second LadderSALE
90.3%
Second LadderBALE
84.3%
Clue 4-letter word % Correct
Second LadderBALM
80.7%
First LadderFLIT
77.3%
First LadderEPIC
58.8%
First LadderFAIT
57.8%
First LadderFAIL
52.6%
Second LadderPALM
40%
Second LadderFACE
35.1%

Today's Daily Dose

You're not logged in!

Compare scores with friends on all Sporcle quizzes.
Join for Free
OR
Log In

You Might Also Like...

Show Comments

Extras

Top Quizzes Today


Score Distribution

Your Account Isn't Verified!

In order to create a playlist on Sporcle, you need to verify the email address you used during registration. Go to your Sporcle Settings to finish the process.

Report this User

Report this user for behavior that violates our Community Guidelines.

Details: